[Event "Euro Online U2300 Day 1"]
[Site "chess.com INT"]
[Date "2020.05.25"]
[Round "2"]
[White "Lebedev, Mikhail S."]
[Black "Fojt, Petr"]
[Result "1-0"]
[WhiteElo "2131"]
[BlackElo "2084"]
[WhiteFideId "24130303"]
[BlackFideId "386570"]
[EventDate "2020.05.25"]

1. e4 c5 2. Nf3 Nc6 3. d4 cxd4 4. Nxd4 Nf6 5. Nc3 d6 6. Bg5 Bd7 7. Qd2 Rc8 8. f4
Nxd4 9. Qxd4 Qa5 10. Bxf6 gxf6 11. O-O-O Qc5 12. Qd2 f5 13. e5 Bg7 14. Nd5 e6
15. Nf6+ Bxf6 16. exf6 d5 17. Bd3 a6 18. Qe1 Ba4 19. Rd2 Kd7 20. Qe5 Qd6 21. Qd4
Rc6 22. Qxa4 b5 23. Qd4 Qc5 24. Qxc5 Rxc5 25. Re1 Rhc8 26. Re3 a5 27. Rh3 Rh8
28. Re2 b4 29. Kd2 a4 30. Re5 a3 31. bxa3 bxa3 32. Be2 1-0

[Event "Euro Online U2300 Day 1"]
[Site "chess.com INT"]
[Date "2020.05.25"]
[Round "2"]
[White "Bayramov, Zaur"]
[Black "Werle, Iozefina"]
[Result "1-0"]
[WhiteTitle "FM"]
[BlackTitle "WGM"]
[WhiteElo "2357"]
[BlackElo "2300"]
[WhiteFideId "13405080"]
[BlackFideId "1213261"]
[EventDate "2020.05.25"]

1. c4 e5 2. Nc3 Nc6 3. g3 d6 4. Bg2 Be6 5. d3 g6 6. Nf3 Bg7 7. O-O h6 8. Rb1 f5
9. Bd2 Nf6 10. b4 a6 11. a4 Qd7 12. b5 axb5 13. axb5 Nd8 14. b6 c6 15. c5 O-O
16. cxd6 Qxd6 17. Qc2 Nd5 18. Nxd5 Bxd5 19. Bb4 Qf6 20. Bxf8 Qxf8 21. e4 fxe4
22. dxe4 Be6 23. Nh4 g5 24. Nf5 Bxf5 25. exf5 Bf6 26. Rfd1 Nf7 27. Rd7 Nd6 28.
Rd1 Be7 29. f6 Qxf6 30. Rxe7 Qxe7 31. Qg6+ Qg7 32. Qxd6 Rf8 33. Qe6+ Qf7 34.
Qxf7+ Rxf7 35. Be4 Kg7 36. Rd6 c5 37. Rd5 Rf6 38. Rd7+ Kf8 39. Rxb7 c4 40. Rb8+
Ke7 41. b7 Rb6 42. Rh8 c3 43. b8=Q 1-0

[Event "Euro Online U2300 Day 1"]
[Site "chess.com INT"]
[Date "2020.05.25"]
[Round "2"]
[White "Martirosyan, Haik M."]
[Black "Gadimbayli, Abdulla"]
[Result "1/2-1/2"]
[WhiteTitle "GM"]
[BlackTitle "IM"]
[WhiteElo "2617"]
[BlackElo "2470"]
[WhiteFideId "13306553"]
[BlackFideId "13404938"]
[EventDate "2020.05.25"]

1. d4 d5 2. Nf3 Nc6 3. g3 Bg4 4. Bg2 Qd7 5. h3 Bxf3 6. Bxf3 O-O-O 7. Bg2 f6 8.
c4 dxc4 9. d5 e6 10. Nc3 exd5 11. Qxd5 Qxd5 12. Bxd5 Nd4 13. Rb1 b5 14. e3 Bb4
15. Bg2 Ne6 16. Ke2 a6 17. a4 bxa4 18. Nd5 Ba5 19. Ra1 Nc5 20. e4 Nh6 21. Be3
Rhe8 22. Nxf6 gxf6 23. Bxc5 Rd2+ 24. Kf1 Bb6 1/2-1/2

[Event "Euro Online U2300 Day 1"]
[Site "chess.com INT"]
[Date "2020.05.25"]
[Round "2"]
[White "Czernek, Tymon"]
[Black "Tevzadze, Mariam"]
[Result "0-1"]
[WhiteElo "2199"]
[BlackElo "1834"]
[WhiteFideId "1199510"]
[BlackFideId "13605470"]
[EventDate "2020.05.25"]

1. e4 d6 2. d4 Nd7 3. Nc3 Ngf6 4. Nf3 e5 5. Bc4 Be7 6. h3 O-O 7. Be3 c6 8. Qd2
b5 9. Bd3 b4 10. Ne2 d5 11. Ng3 dxe4 12. Nxe4 Nxe4 13. Bxe4 Bb7 14. dxe5 Qc7 15.
O-O-O Rad8 16. Qe2 Nxe5 17. Nxe5 Qxe5 18. Bd4 Qe6 19. Kb1 c5 20. Be5 Rxd1+ 21.
Rxd1 Bxe4 22. Qxe4 f6 23. f4 fxe5 24. fxe5 a5 25. g4 a4 26. b3 a3 27. Re1 Rd8
28. Rf1 Bf6 29. Kc1 Qxe5 30. Qxe5 Bxe5 31. h4 Bb2+ 32. Kb1 g6 33. g5 Bc3 34. h5
gxh5 35. Rh1 Re8 36. Kc1 Re1+ 37. Rxe1 Bxe1 38. Kd1 Bc3 39. Ke2 Kg7 40. Kf3 Kg6
41. Kf4 h4 42. Kg4 h3 43. Kxh3 Kxg5 44. Kg3 Kf5 45. Kf3 h5 46. Ke3 h4 47. Kf2 h3
48. Kg3 Ke4 49. Kxh3 Ke3 50. Kg3 Kd2 51. Kf4 Kxc2 52. Ke4 Kb2 53. Kd5 Kxa2 54.
Kxc5 Kxb3 55. Kb5 a2 0-1

[Event "Euro Online U2300 Day 1"]
[Site "chess.com INT"]
[Date "2020.05.25"]
[Round "2"]
[White "Lahdelma, Henri"]
[Black "Kocheev, Aleksandr"]
[Result "0-1"]
[WhiteElo "2264"]
[BlackElo "2315"]
[WhiteFideId "510394"]
[BlackFideId "13507842"]
[EventDate "2020.05.25"]

1. d4 d5 2. c4 dxc4 3. e3 e5 4. Bxc4 exd4 5. exd4 Nf6 6. Nf3 Be7 7. O-O O-O 8.
h3 Nbd7 9. Nc3 Nb6 10. Bb3 c6 11. Re1 Nfd5 12. Ne4 Bf5 13. Nc5 Qc7 14. g4 Bg6
15. Ne5 Rad8 16. Qf3 Bxc5 17. dxc5 Nd7 18. Nxg6 fxg6 19. Bxd5+ Kh8 20. Qe2 cxd5
21. b4 Nf6 22. Qe5 Qf7 23. Bb2 Ne4 24. f3 Nd2 25. Rf1 Nxf1 26. Rxf1 d4 27. Bc1
Qd5 28. Qe2 d3 0-1

[Event "Euro Online U2300 Day 1"]
[Site "chess.com INT"]
[Date "2020.05.25"]
[Round "2"]
[White "Majeric, Zoran"]
[Black "Pantovic, Dragan M"]
[Result "1/2-1/2"]
[WhiteTitle "IM"]
[WhiteElo "2241"]
[BlackElo "2051"]
[WhiteFideId "14500523"]
[BlackFideId "915211"]
[EventDate "2020.05.25"]

1. e4 e5 2. Nf3 Nc6 3. Bc4 Nf6 4. Ng5 d5 5. exd5 Na5 6. Bb5+ c6 7. dxc6 bxc6 8.
Qf3 Be7 9. Bxc6+ Nxc6 10. Qxc6+ Bd7 11. Qf3 O-O 12. d3 Rc8 13. Nc3 Bb4 14. Bd2
Bc6 15. Nge4 Nd5 16. O-O f5 17. Nxd5 fxe4 18. Qxe4 Bxd2 19. c4 Bxd5 20. cxd5 Qg5
21. d6 Qf6 22. Qd5+ Kh8 23. Rad1 Bb4 24. d7 Rcd8 25. d4 Bd6 26. dxe5 Bxe5 27.
Rd2 Bxb2 28. g3 Bc3 29. Rd3 h6 30. Qc4 Be5 31. f4 Bb8 32. Rfd1 a6 33. Kg2 Qf5
34. Qxa6 Bxf4 35. gxf4 Qxf4 36. Qb6 Qg4+ 37. Kh1 Qe4+ 38. Kg1 Qg4+ 39. Kh1 Qe4+
40. Kg1 Qg4+ 41. Kh1 1/2-1/2

[Event "Euro Online U2300 Day 1"]
[Site "chess.com INT"]
[Date "2020.05.25"]
[Round "2"]
[White "Unneland, Mathias"]
[Black "Popadic, Dragan"]
[Result "1-0"]
[BlackTitle "FM"]
[WhiteElo "2146"]
[BlackElo "2180"]
[WhiteFideId "1525581"]
[BlackFideId "913650"]
[EventDate "2020.05.25"]

1. e4 c5 2. Nf3 Nc6 3. Bb5 g5 4. Bxc6 dxc6 5. Nxg5 Nf6 6. e5 Rg8 7. d4 h6 8.
exf6 hxg5 9. dxc5 Qxd1+ 10. Kxd1 exf6 11. Be3 Be6 12. Nd2 O-O-O 13. Ke2 f5 14.
f3 Rd5 15. b4 Bg7 16. Rad1 Bf6 17. Rhe1 Rgd8 18. a3 f4 19. Ne4 Be7 20. Bc1 Rxd1
21. Rxd1 Re8 22. Kf2 Bd5 23. Nc3 Be6 24. g3 Rh8 25. Kg2 fxg3 26. hxg3 Bf5 27.
Re1 Bf6 28. Ne4 Bxe4 29. fxe4 Kd7 30. Rf1 Ke6 31. Rxf6+ 1-0

[Event "Euro Online U2300 Day 1"]
[Site "chess.com INT"]
[Date "2020.05.25"]
[Round "2"]
[White "Schein, Karl-Heinz"]
[Black "Sedykh, Mikhail"]
[Result "0-1"]
[WhiteElo "2187"]
[BlackElo "2119"]
[WhiteFideId "1604988"]
[BlackFideId "447498"]
[EventDate "2020.05.25"]

1. Nf3 d5 2. g3 Nf6 3. Bg2 c5 4. d3 Nc6 5. O-O e5 6. Nbd2 Be7 7. e4 d4 8. Nc4
Qc7 9. a4 O-O 10. Bg5 Nd7 11. h4 b6 12. Qd2 f6 13. Nh2 fxg5 14. hxg5 Nd8 15. f4
exf4 16. gxf4 Ne6 17. e5 Bb7 18. Ng4 Bxg2 19. Kxg2 Qc6+ 20. Kg3 a6 21. Rf2 b5
22. Na5 Qc7 23. Rh1 Nxg5 24. fxg5 Nxe5 25. Nxe5 Qxe5+ 26. Kg2 Rxf2+ 27. Qxf2 Rf8
28. Qg3 Qe2+ 29. Kh3 Rf3 0-1

[Event "Euro Online U2300 Day 1"]
[Site "chess.com INT"]
[Date "2020.05.25"]
[Round "2"]
[White "Tsereteli, Tornike"]
[Black "Ivanovitch, Nicholas Michael"]
[Result "1-0"]
[BlackTitle "CM"]
[WhiteElo "1735"]
[BlackElo "2201"]
[WhiteFideId "13612565"]
[BlackFideId "2263041"]
[EventDate "2020.05.25"]

1. e4 g6 2. d4 Bg7 3. Nc3 d6 4. Nf3 Nf6 5. h3 O-O 6. Be2 Nbd7 7. O-O Re8 8. Be3
e5 9. dxe5 Nxe5 10. Nxe5 Rxe5 11. Bf4 Re8 12. Bf3 Nh5 13. Bxh5 gxh5 14. Qxh5
Bxc3 15. bxc3 Rxe4 16. Bg5 Qf8 17. Bf6 h6 18. Rae1 Rf4 19. Be7 Qg7 20. Re3 Kh7
21. Rg3 1-0

[Event "Euro Online U2300 Day 1"]
[Site "chess.com INT"]
[Date "2020.05.25"]
[Round "2"]
[White "Zeman, Matyas"]
[Black "Kucher, Kostyantyn"]
[Result "1-0"]
[WhiteElo "2278"]
[BlackElo "2006"]
[WhiteFideId "364398"]
[BlackFideId "14195950"]
[EventDate "2020.05.25"]

1. e4 c5 2. Nc3 Nc6 3. g3 g6 4. Bg2 Bg7 5. Nge2 e5 6. O-O Nge7 7. d3 O-O 8. Be3
d6 9. Nd5 f5 10. exf5 Bxf5 11. Nec3 h6 12. Qd2 Kh7 13. Rae1 Nd4 14. Nxe7 Qxe7
15. Nd5 Qd7 16. c3 Bh3 17. cxd4 Bxg2 18. Kxg2 cxd4 19. Rc1 dxe3 20. Qxe3 Rac8
21. Qe4 Qb5 22. Rxc8 Rxc8 23. Ne7 Re8 24. Qxg6+ Kh8 25. Nf5 Rg8 26. Nxh6 Qd5+
27. f3 Rf8 28. Nf5 Rf7 29. Rc1 Bf8 30. Rc8 Qxa2 31. Rxf8+ Rxf8 32. Qg7# 1-0

[Event "Euro Online U2300 Day 1"]
[Site "chess.com INT"]
[Date "2020.05.25"]
[Round "2"]
[White "Queirolo Perez, Manuel"]
[Black "Linnanen, Lassi"]
[Result "1-0"]
[WhiteElo "2145"]
[BlackElo "2185"]
[WhiteFideId "3401219"]
[BlackFideId "500976"]
[EventDate "2020.05.25"]

1. e4 e6 2. d4 a6 3. Nf3 b5 4. Bd3 Bb7 5. O-O Nf6 6. Qe2 c5 7. c3 Nc6 8. Bg5
cxd4 9. cxd4 Nb4 10. e5 h6 11. Bh4 g5 12. Bg3 Nxd3 13. Qxd3 Nh5 14. Nc3 Nf4 15.
Bxf4 gxf4 16. Ne4 Be7 17. Rfe1 Qb6 18. Rac1 Rd8 19. Qd2 Bd5 20. Qxf4 Bxa2 21.
Nd6+ Bxd6 22. exd6 Bd5 23. Qf6 Rf8 24. Qe7# 1-0

[Event "Euro Online U2300 Day 1"]
[Site "chess.com INT"]
[Date "2020.05.25"]
[Round "2"]
[White "Prinz, Hubert"]
[Black "Marjanovic, Annamaria"]
[Result "0-1"]
[BlackTitle "WGM"]
[WhiteElo "1956"]
[BlackElo "2338"]
[WhiteFideId "1639447"]
[BlackFideId "750930"]
[EventDate "2020.05.25"]

1. d4 Nf6 2. Nf3 g6 3. e3 Bg7 4. Bd3 d6 5. O-O O-O 6. Nbd2 c5 7. c3 b6 8. e4 Bb7
9. Bc2 e6 10. e5 dxe5 11. dxe5 Nd5 12. Re1 Nd7 13. Nc4 Qc7 14. Nd6 Bc6 15. c4
Nb4 16. Nb5 Bxb5 17. cxb5 Nxc2 18. Qxc2 Nxe5 19. Nxe5 Bxe5 20. g3 Bg7 21. Bf4
Qd7 22. a4 Rfd8 23. Rad1 Qe7 24. b3 Rxd1 25. Rxd1 Rd8 26. Rxd8+ Qxd8 27. Qd2
Qxd2 28. Bxd2 Kf8 29. Bf4 e5 30. Bd2 Ke7 31. Kf1 Kd6 32. Ke2 Kd5 33. Kd3 e4+ 34.
Kc2 Bd4 35. Bf4 Bxf2 36. Bb8 c4 37. Bxa7 Kc5 38. bxc4 Kxc4 39. a5 Kxb5 40. axb6
Bxb6 41. Bb8 Bg1 42. g4 Kc4 43. Kd2 Kd5 44. Ke2 Bd4 45. h3 f5 46. gxf5 gxf5 47.
Bc7 Be5 48. Bb6 f4 49. h4 f3+ 50. Kf2 Bd4+ 51. Bxd4 Kxd4 52. Kf1 e3 53. Ke1 Kd3
54. h5 h6 55. Kf1 Kd2 56. Kg1 e2 57. Kf2 e1=Q+ 58. Kxf3 Qe3+ 59. Kg4 Qg5+ 60.
Kf3 0-1

[Event "Euro Online U2300 Day 1"]
[Site "chess.com INT"]
[Date "2020.05.25"]
[Round "2"]
[White "Koutlas, Nikolaos"]
[Black "Steenbekkers, Franck"]
[Result "1-0"]
[BlackTitle "CM"]
[WhiteElo "2032"]
[BlackElo "2164"]
[WhiteFideId "25827138"]
[BlackFideId "1004220"]
[EventDate "2020.05.25"]

1. e4 e6 2. d4 d5 3. Nd2 Nf6 4. e5 Nfd7 5. f4 c5 6. c3 Nc6 7. Ngf3 Qb6 8. dxc5
Bxc5 9. Qe2 O-O 10. Nb3 f6 11. Nxc5 Qxc5 12. Be3 Qe7 13. Bd4 fxe5 14. fxe5 Nxd4
15. cxd4 Nb6 16. Qd2 Bd7 17. b3 Rac8 18. Bd3 Be8 19. O-O Bh5 20. Ng5 h6 21. Nh3
Qh4 22. Nf4 Bf7 23. g3 Qe7 24. Kg2 Nd7 25. Rf2 Nb8 26. Raf1 Nc6 27. Bb1 Qb4 28.
Qd3 1-0

[Event "Euro Online U2300 Day 1"]
[Site "chess.com INT"]
[Date "2020.05.25"]
[Round "2"]
[White "Altarbosh, Ward"]
[Black "Aliyeva, Aygun"]
[Result "0-1"]
[WhiteTitle "FM"]
[BlackTitle "WFM"]
[WhiteElo "2234"]
[BlackElo "2170"]
[WhiteFideId "7601450"]
[BlackFideId "13400754"]
[EventDate "2020.05.25"]

1. e4 e6 2. d4 d5 3. exd5 exd5 4. Bd3 Nf6 5. Bg5 Bd6 6. Nc3 c6 7. Nge2 h6 8. Bh4
Be6 9. f3 Nbd7 10. Bf2 Qc7 11. Qd2 O-O-O 12. a3 Rhe8 13. g3 Bh3 14. Rg1 Nf8 15.
O-O-O Bd7 16. Rge1 Kb8 17. Kb1 Re7 18. Nc1 Rde8 19. Nb3 Rxe1 20. Rxe1 Rxe1+ 21.
Qxe1 b6 22. f4 g6 23. Nd2 Bc8 24. Nf3 Ng4 25. Bg1 f5 26. Qe8 Qd7 27. Qxd7 Bxd7
28. Ne5 Nf6 29. Nxd7+ N8xd7 30. Ne2 Ne4 31. c4 dxc4 32. Bxc4 Nd2+ 33. Kc2 Nxc4
34. Nc3 Nf6 35. Bf2 Kc7 36. h3 Ne4 37. Be1 Nxc3 38. Kxc3 Ne3 39. Kd3 Nd5 40. Bd2
a5 0-1

[Event "Euro Online U2300 Day 1"]
[Site "chess.com INT"]
[Date "2020.05.25"]
[Round "2"]
[White "Kanyamarala, Tarun"]
[Black "Maugenest, Ghislain"]
[Result "1-0"]
[WhiteTitle "FM"]
[WhiteElo "2381"]
[BlackElo "2013"]
[WhiteFideId "45004714"]
[BlackFideId "36029483"]
[EventDate "2020.05.25"]

1. e4 e5 2. Nf3 Nc6 3. d4 exd4 4. Nxd4 Nf6 5. Nxc6 bxc6 6. e5 Qe7 7. Qe2 Nd5 8.
g3 f6 9. c4 Ba6 10. exf6 Qxe2+ 11. Bxe2 Nxf6 12. Nc3 Bb4 13. Bd2 O-O 14. O-O-O
Rae8 15. Rhe1 Bc5 16. f4 d6 17. b3 Be3 18. Bf3 Bxd2+ 19. Kxd2 c5 20. Bc6 Rxe1
21. Rxe1 Rc8 22. g4 Nxg4 23. Bd7 Nxh2 24. Bxc8 Nf3+ 25. Ke3 Nxe1 26. Bxa6 Nc2+
27. Ke4 Nd4 28. Bb7 Kf7 29. Nb5 Nxb5 30. cxb5 Kf6 31. Bc8 g5 32. fxg5+ Kxg5 33.
Kd5 Kf4 34. Kc6 Ke5 35. a4 h5 36. a5 h4 37. Kxc7 d5 38. b6 axb6 39. axb6 d4 40.
b7 d3 41. b8=Q 1-0

[Event "Euro Online U2300 Day 1"]
[Site "chess.com INT"]
[Date "2020.05.25"]
[Round "2"]
[White "Farkas, Lajos Dr."]
[Black "Stamatovic, Aleksandar"]
[Result "1/2-1/2"]
[WhiteElo "2191"]
[BlackElo "2165"]
[WhiteFideId "711390"]
[BlackFideId "928526"]
[EventDate "2020.05.25"]

1. d4 Nf6 2. c4 e5 3. dxe5 Ng4 4. Bf4 Nc6 5. Nf3 Bb4+ 6. Nc3 Bxc3+ 7. bxc3 Qe7
8. Qd5 f6 9. exf6 Nxf6 10. Qd1 d6 11. e3 b6 12. Be2 Bb7 13. O-O O-O 14. Bg5 Rae8
15. a4 a5 16. Rb1 Ne5 17. Nd4 Qf7 18. Bxf6 Qxf6 19. f4 Nd7 20. Rb5 Nc5 21. Bf3
Rxe3 22. Bxb7 Nxb7 23. Rf5 Qe7 24. Rxf8+ Qxf8 25. Nc2 Rxc3 26. Qd5+ Kh8 27. Qxb7
Rxc2 28. Qxc7 d5 29. Qxb6 Rxc4 30. Qxa5 d4 31. Re1 Rc3 32. Qb5 Rc8 33. a5 h6 34.
a6 Qxf4 35. Re8+ Rxe8 36. Qxe8+ Kh7 37. Qa4 Qd2 38. h3 Qe1+ 39. Kh2 Qe5+ 40. Kg1
Qe3+ 41. Kh1 d3 42. a7 Qe1+ 43. Kh2 Qe5+ 44. Kg1 Qe1+ 45. Kh2 Qe5+ 46. Kh1 Qe1+
47. Kh2 1/2-1/2

[Event "Euro Online U2300 Day 1"]
[Site "chess.com INT"]
[Date "2020.05.25"]
[Round "2"]
[White "Schlegel, Igor"]
[Black "Iustin, Silviu"]
[Result "1-0"]
[WhiteElo "2027"]
[BlackElo "1998"]
[WhiteFideId "1334956"]
[BlackFideId "1237071"]
[EventDate "2020.05.25"]

1. e4 e6 2. d4 d5 3. Nc3 Nf6 4. Bg5 dxe4 5. Nxe4 Be7 6. Bxf6 gxf6 7. Nf3 a6 8.
Bc4 b5 9. Bb3 f5 10. Nc3 Bb7 11. O-O Rg8 12. Re1 Nd7 13. d5 Nc5 14. Qe2 Nxb3 15.
axb3 Qd6 16. dxe6 f6 17. Rad1 Qc6 18. Kh1 Rd8 19. Rxd8+ Kxd8 20. Rd1+ Kc8 21.
Rd7 Bd6 22. Qd3 h5 23. Qxf5 h4 24. h3 b4 25. Ne2 Be5 26. Ned4 Bxd4 27. Rxd4 Qb5
28. Qxb5 axb5 29. Nxh4 c5 30. Rd7 Be4 31. c4 Rh8 32. f3 Bc6 33. Rd6 Kc7 34. Nf5
bxc4 35. bxc4 Rh5 36. Rxc6+ Kxc6 37. e7 Kd7 38. e8=Q+ Kxe8 39. Ng7+ Ke7 40. Nxh5
Ke6 41. Nf4+ Ke5 42. Ne2 Kf5 1-0

[Event "Euro Online U2300 Day 1"]
[Site "chess.com INT"]
[Date "2020.05.25"]
[Round "2"]
[White "Misini, Burhanudin"]
[Black "Sevdimaliyev, Urfan"]
[Result "1-0"]
[BlackTitle "GM"]
[WhiteElo "1999"]
[BlackElo "2369"]
[WhiteFideId "4701488"]
[BlackFideId "13402463"]
[EventDate "2020.05.25"]

1. e4 c5 2. Nf3 Nc6 3. d4 cxd4 4. Nxd4 Nf6 5. Nxc6 bxc6 6. Nc3 e5 7. Be2 Bb4 8.
Qd3 a5 9. Qg3 O-O 10. Bh6 Ne8 11. O-O d6 12. Rfd1 Qe7 13. Na4 Be6 14. a3 Bc5 15.
Nxc5 dxc5 16. Be3 f6 17. f4 exf4 18. Bxf4 c4 19. Qe3 Qb7 20. Qc3 Qb5 21. a4 Qb4
22. Qxb4 axb4 23. a5 g5 24. Be3 Rf7 25. a6 Nc7 26. Rd6 Re7 27. Rxc6 Kg7 28. Bc5
Rd7 29. Bb6 1-0

[Event "Euro Online U2300 Day 1"]
[Site "chess.com INT"]
[Date "2020.05.25"]
[Round "2"]
[White "Pulkkinen, Kari"]
[Black "Yelisieiev, Yevhenii"]
[Result "0-1"]
[WhiteTitle "FM"]
[BlackTitle "IM"]
[WhiteElo "2232"]
[BlackElo "2407"]
[WhiteFideId "500712"]
[BlackFideId "14139642"]
[EventDate "2020.05.25"]

1. e4 d6 2. d4 Nf6 3. Nc3 e5 4. Nf3 Nbd7 5. Bc4 Be7 6. O-O O-O 7. a4 c6 8. Ba2
a5 9. Re1 Qb6 10. dxe5 dxe5 11. Nh4 Nc5 12. Nf5 Bxf5 13. exf5 Rad8 14. Qf3 e4
15. Qg3 Bd6 16. Qh4 Rfe8 17. Bg5 Be5 18. Rab1 Qb4 19. h3 h6 20. Bxh6 e3 21. Bg5
exf2+ 22. Kxf2 Bd4+ 23. Kf1 Nxa4 24. Nxa4 Qb5+ 25. c4 Qxf5+ 0-1

[Event "Euro Online U2300 Day 1"]
[Site "chess.com INT"]
[Date "2020.05.25"]
[Round "2"]
[White "Hansch, Stephan"]
[Black "Green, Andrew D"]
[Result "1-0"]
[WhiteTitle "CM"]
[BlackTitle "CM"]
[WhiteElo "2149"]
[BlackElo "2154"]
[WhiteFideId "24692514"]
[BlackFideId "2401762"]
[EventDate "2020.05.25"]

1. d4 Nf6 2. c4 g6 3. Nc3 Bg7 4. e4 d6 5. Bg5 h6 6. Be3 c5 7. d5 O-O 8. Be2 e6
9. Qd2 exd5 10. exd5 Kh7 11. Nf3 Bf5 12. O-O Ne4 13. Nxe4 Bxe4 14. Rae1 Nd7 15.
b4 b6 16. h3 f5 17. Nh2 Qh4 18. f3 Be5 19. fxe4 fxe4 20. Ng4 Bg3 21. Bf2 h5 22.
Qh6+ Kg8 23. Qxg6+ Kh8 24. Bxg3 Qxg3 25. Qxh5+ 1-0

[Event "Euro Online U2300 Day 1"]
[Site "chess.com INT"]
[Date "2020.05.25"]
[Round "2"]
[White "Plaskan, Jure"]
[Black "Nilsson, Joakim 2000"]
[Result "1-0"]
[BlackTitle "FM"]
[WhiteElo "2175"]
[BlackElo "2215"]
[WhiteFideId "14605252"]
[BlackFideId "1723383"]
[EventDate "2020.05.25"]

1. e4 c6 2. c4 e5 3. Nf3 d6 4. d4 Nd7 5. Nc3 Ngf6 6. Be2 Be7 7. O-O O-O 8. h3 h6
9. Be3 Nh7 10. Qc2 Ng5 11. Nxg5 Bxg5 12. f4 Bf6 13. Rad1 Qe7 14. fxe5 dxe5 15.
d5 Bg5 16. Bf2 Re8 17. d6 Qd8 18. c5 Nf8 19. Qb3 Rb8 20. Bc4 Be6 21. Ne2 Qd7 22.
Bxe6 Nxe6 23. h4 Bd8 24. Qh3 b6 25. b4 a5 26. a3 axb4 27. axb4 bxc5 28. bxc5 Rb2
29. Ng3 Qb7 30. Nf5 Nf4 31. Qg4 Bf6 32. Nxh6+ Kf8 33. Nf5 Qd7 34. Ne3 Qxg4 35.
Nxg4 Bd8 36. Rb1 Rc2 37. Rb8 Bf6 38. Rfb1 Nd3 39. Nxf6 gxf6 40. d7 1-0

[Event "Euro Online U2300 Day 1"]
[Site "chess.com INT"]
[Date "2020.05.25"]
[Round "2"]
[White "Atanasov, Radislav"]
[Black "Tereladze, Sopiko"]
[Result "1/2-1/2"]
[BlackTitle "WIM"]
[WhiteElo "2115"]
[BlackElo "2141"]
[WhiteFideId "2901471"]
[BlackFideId "13600486"]
[EventDate "2020.05.25"]

1. e4 e5 2. Nf3 Nc6 3. Bb5 a6 4. Ba4 Nf6 5. O-O Be7 6. Re1 b5 7. Bb3 O-O 8. h3
d6 9. c3 Na5 10. Bc2 c5 11. d4 cxd4 12. cxd4 Nc6 13. Nc3 Bd7 14. a3 Rc8 15. Be3
Re8 16. Rc1 Bf8 17. Bb3 h6 18. Ba2 Na5 19. Nd5 Rxc1 20. Qxc1 Nxd5 21. Bxd5 Be6
22. Bxe6 Rxe6 23. d5 Re7 24. Re2 Rc7 25. Rc2 Rxc2 26. Qxc2 Nc4 27. Bc1 Qa5 28.
Kh2 g5 29. Nd2 Nxd2 30. Bxd2 Qb6 31. Be3 Qa5 32. Bd2 Qb6 33. Be3 Qa5 34. Bd2 1/2-1/2

[Event "Euro Online U2300 Day 1"]
[Site "chess.com INT"]
[Date "2020.05.25"]
[Round "2"]
[White "Zenuni, Albert"]
[Black "Nikolova, Adriana"]
[Result "0-1"]
[BlackTitle "WGM"]
[WhiteElo "1981"]
[BlackElo "2247"]
[WhiteFideId "4702360"]
[BlackFideId "2908689"]
[EventDate "2020.05.25"]

1. c4 e5 2. Nc3 Nf6 3. g3 d5 4. cxd5 Nxd5 5. Bg2 Nb6 6. a3 Nc6 7. d3 Be7 8. Nf3
Be6 9. O-O O-O 10. b4 f6 11. Bb2 a5 12. b5 Nd4 13. Nxd4 exd4 14. Ne4 f5 15. Nd2
Bd5 16. Nf3 Bf6 17. Rc1 Qd7 18. a4 c6 19. Ba3 Rfe8 20. Bc5 Nc8 21. Rb1 cxb5 22.
Rxb5 Bc6 23. Rb2 Bxa4 24. Qc1 Kh8 25. Qf4 Rd8 26. Rfb1 Bc6 27. Qc1 Ne7 28. Bb6
Rdc8 29. Qd2 a4 30. Ne1 Bxg2 31. Kxg2 Nd5 32. Nc2 Qc6 33. Na3 Ne3+ 0-1

[Event "Euro Online U2300 Day 1"]
[Site "chess.com INT"]
[Date "2020.05.25"]
[Round "2"]
[White "Nikac, Predrag"]
[Black "Schneider, Jana"]
[Result "0-1"]
[WhiteTitle "IM"]
[BlackTitle "FM"]
[WhiteElo "2313"]
[BlackElo "2270"]
[WhiteFideId "908975"]
[BlackFideId "12924997"]
[EventDate "2020.05.25"]

1. e4 e6 2. d4 d5 3. Nc3 Nf6 4. e5 Nfd7 5. f4 c5 6. Nf3 Nc6 7. Be3 a6 8. Qd2 b5
9. dxc5 Bxc5 10. Nd4 Na5 11. Nb3 Nc4 12. Bxc4 Bxe3 13. Qxe3 dxc4 14. Nd4 Bb7 15.
O-O-O O-O 16. Ne4 Bxe4 17. Qxe4 c3 18. Nc6 Qc7 19. Rd6 Nc5 20. Qb4 cxb2+ 21. Kb1
Nb7 22. Rhd1 Nxd6 23. Rxd6 Rac8 24. Kxb2 Qb7 25. Nd4 Qxg2 26. Rxa6 Rc4 27. Qd6
Rfc8 28. Ra7 Rxc2+ 29. Kb3 Rb2+ 0-1

[Event "Euro Online U2300 Day 1"]
[Site "chess.com INT"]
[Date "2020.05.25"]
[Round "2"]
[White "Nemec, Jachym"]
[Black "Ceres, Dragos"]
[Result "0-1"]
[BlackTitle "FM"]
[WhiteElo "2110"]
[BlackElo "2244"]
[WhiteFideId "23716525"]
[BlackFideId "13905864"]
[EventDate "2020.05.25"]

1. e4 e5 2. Nf3 Nc6 3. Bb5 g6 4. Nc3 Bg7 5. d4 exd4 6. Nd5 a6 7. Bc4 Nge7 8. Bg5
h6 9. Bf6 Kf8 10. Bxg7+ Kxg7 11. Nxd4 Ne5 12. Bb3 b5 13. O-O c5 14. Nxe7 Qxe7
15. Bd5 Rb8 16. Nf3 d6 17. Nxe5 dxe5 18. Qe2 Be6 19. Rfd1 Rhd8 20. Bxe6 Qxe6 21.
b3 c4 22. Rxd8 Rxd8 23. Rd1 Rd4 24. h3 Qd6 25. Rxd4 Qxd4 26. Kh2 c3 27. Kg3 Qd2
28. Qe3 Qxc2 29. f3 Qd2 30. Qc5 Qd4 31. Qc7 a5 32. Kh2 a4 33. bxa4 bxa4 34. a3
Kf6 35. Qc6+ Kg5 36. Kg3 h5 37. Qc7 h4+ 38. Kh2 f6 39. Qc8 Kf4 40. Qg4+ Ke3 41.
Qxh4 c2 42. Qe1+ Kd3 0-1